000 00440nam a2200169Ia 4500
005 20250923144531.0
008 008 250917s9999 xx 000 0 eng d
037 _aTextual
040 _aDSWL
_beng
_cDSWL
041 _aeng
_2eng
084 _qDSWL
245 0 _aNew direction in social work
_cEd.by C Kasius
260 _aNew York
_b Harper & Brothers
_c1954
300 _axxi,258p.
942 _cTEXL
999 _c1440122
_d1440122